Normal view
MARC view
- الطهارة- فقه اسلامي- مؤتمرات- العبادات
Entry Topical Term
001 - CONTROL NUMBER
- control field: 48487
003 - CONTROL NUMBER IDENTIFIER
- control field: JO-AjAnu
005 - DATE AND TIME OF LATEST TRANSACTION
- control field: 20230606082009.0
008 - FIXED-LENGTH DATA ELEMENTS
- fixed length control field: 230606|| aca||aabn | a|a d
040 ## - CATALOGING SOURCE
- Original cataloging agency: JO-AjAnu
- Transcribing agency: JO-AjAnu
150 ## - HEADING--TOPICAL TERM
- Topical term or geographic name entry element: الطهارة- فقه اسلامي- مؤتمرات- العبادات
670 ## - SOURCE DATA FOUND
- Source citation: Work cat.: (JO-AjAnu)24805: جامعة الزرقاء الاهلية - مؤتمر؛ تحرير: احمد مفلح القضاة ، عدنان حسن عزايزة, author 48486, مؤتمر كلية الشريعة الأول: المستجدات الفقهية استحالة النجاسات وأثرها في حل الأشياء وطهارتها 2-3 ربيع الثاني 1419هـ 25-26 تموز 1998